00000000nam 2200000zi 4500
0019.954837
003CaOODSP
00520250923100800
006m     o  d f      
007cr |n|||||||||
008250904t20252025quc     o    f|0| 0 fre d
020 |a9780660787961
040 |aCaOODSP|bfre|erda|cCaOODSP
043 |an-cn---
0861 |aEn4-94/12-2025F-PDF
24500|aSachez stocker 12 : |baide-mémoire - règlement sur les systèmes de stockage.
250 |a[Édition 2025].
264 1|a[Gatineau (Québec)] : |bEnvironnement et changement climatique Canada = Environment and Climate Change Canada, |c[2025]
264 4|c©2025
300 |a1 ressource en ligne (6 pages non numérotées)
336 |atexte|btxt|2rdacontent/fre
337 |ainformatique|bc|2rdamedia/fre
338 |aressource en ligne|bcr|2rdacarrier/fre
500 |aPublié aussi en anglais sous le titre : Tank tip 12: storage tank regulations checklists.
500 |aTitre de départ.
650 6|aRéservoirs de stockage de produits pétroliers|xDroit|zCanada.
650 6|aProduits pétroliers|xStockage|xDroit|zCanada.
7101 |aCanada. |bEnvironnement et changement climatique Canada, |eorganisme de publication.
77508|tTank tip 12 : |w(CaOODSP)9.954838
795 |tSachez stocker 12 : |b[Édition 2023]|w(CaOODSP)9.919577
85640|qPDF|s905 Ko|uhttps://publications.gc.ca/collections/collection_2025/eccc/en4/En4-94-12-2025-fra.pdf